| 000 | 00660nam a2200205 a 4500 | ||
|---|---|---|---|
| 999 |
_c5532 _d5532 |
||
| 001 | 5532 | ||
| 003 | BD-JhCC | ||
| 005 | 20171217192703.0 | ||
| 008 | 171217b2016 bg |||| ||a| 000 0 ben d | ||
| 035 | _a(BD-JhCC)5532 | ||
| 040 |
_aBD-JhCC _dBD-JhCC |
||
| 041 | _aben | ||
| 082 |
_a297.1226 _b2016 |
||
| 245 |
_aখতমে তারাবীহতে পবিত্র কোরআন এর এক ঝলক / _cসিলেট ক্যাডেট কলেজ |
||
| 260 |
_aসিলেট : _bসিলেট ক্যাডেট কলেজ, _c2016. |
||
| 300 |
_a82 p. : _c21 cm. |
||
| 650 |
_aQuran _xBengali |
||
| 942 |
_2ddc _cBK |
||